Zmeny v systéme financovania výskumu a vývoja v Slovenskej republike

Pohľad na celkové výdavky na vedu , výskum a techniku v SR. Základná štruktúra financovania vedy a techniky v SR. Nepriama účelová podpora vedy a techniky v EÚ. Súčasný model a systém podpory vedy a techniky v SR. Možnosti zmien systému financovania vedy a techniky v SR.

Saved in:
Bibliographic Details
Main Author: Habánik, Jozef
Format: Book Chapter
Language:Slovak
Subjects:
Tags: Add Tag
No Tags, Be the first to tag this record!

MARC

LEADER 00000naa$a2200000$$$4500
001 0110926
005 20231011115936.0
041 0 |a slo 
044 |a SK 
245 1 0 |a Zmeny v systéme financovania výskumu a vývoja v Slovenskej republike  |c Jozef Habánik 
520 |a Pohľad na celkové výdavky na vedu , výskum a techniku v SR. Základná štruktúra financovania vedy a techniky v SR. Nepriama účelová podpora vedy a techniky v EÚ. Súčasný model a systém podpory vedy a techniky v SR. Možnosti zmien systému financovania vedy a techniky v SR. 
610 2 0 |a financovanie vedy 
610 2 0 |a financovanie výskumu 
610 2 0 |a technika 
610 2 0 |a Slovensko 
610 2 0 |a Európska únia 
100 1 |a Habánik, Jozef